[Event "Moscow-chT"]
[Site "Moscow"]
[Date "2018.09.30"]
[Round "7.2"]
[White "Saulin, Dmitri"]
[Black "Makarian, Rudik"]
[Result "0-1"]
[WhiteElo "2369"]
[BlackElo "2361"]
[PlyCount "54"]
[EventDate "2018.09.20"]
[EventType "team-swiss"]
[EventRounds "7"]
[EventCountry "RUS"]
[SourceTitle "CBM 186 Extra"]
[Source "ChessBase"]
[SourceDate "2018.08.24"]
[SourceVersion "1"]
[SourceVersionDate "2018.08.24"]
[SourceQuality "1"]
[WhiteTeam "Automatika"]
[BlackTeam "Botvinnik Chess School"]
[WhiteTeamCountry "RUS"]
[BlackTeamCountry "RUS"]

1. d4 Nf6 2. c4 e6 3. g3 d5 4. Bg2 Bb4+ 5. Bd2 Be7 6. Nf3 0-0 7. 0-0 Nbd7 8. Qc2 c6 9. a4 a5 10. Rc1 Ne4 11. Be1 f5 12. e3 Bd6 13. Nbd2 g5 14. Nxe4 fxe4 15. Nd2 g4 16. Nb1 Nf6 17. Nc3 h5 18. Ne2 Nh7 19. Nf4 Ng5 20. b4 Nf3+ 21. Bxf3 gxf3 22. h4 Qd7 23. Bd2 Bxf4 24. exf4 e5 25. Qd1 exf4 26. cxd5 fxg3 27. Be3 Qh3 0-1

[Event "Moscow-chT"]
[Site "Moscow"]
[Date "2018.09.23"]
[Round "3.3"]
[White "Saulin, Dmitri"]
[Black "Tsvetkov, Andrey1"]
[Result "0-1"]
[WhiteElo "2369"]
[BlackElo "2264"]
[PlyCount "76"]
[EventDate "2018.09.20"]
[EventType "team-swiss"]
[EventRounds "7"]
[EventCountry "RUS"]
[SourceTitle "CBM 186 Extra"]
[Source "ChessBase"]
[SourceDate "2018.08.24"]
[SourceVersion "1"]
[SourceVersionDate "2018.08.24"]
[SourceQuality "1"]
[WhiteTeam "Automatika"]
[BlackTeam "Karpov Chess School II"]
[WhiteTeamCountry "RUS"]
[BlackTeamCountry "RUS"]

1. d4 d5 2. c4 e6 3. Nf3 Nf6 4. g3 dxc4 5. Bg2 Bb4+ 6. Bd2 c5 7. 0-0 0-0 8. dxc5 Bxc5 9. Qc2 Nbd7 10. Qxc4 b5 11. Qd3 Rb8 12. b4 Be7 13. a3 Bb7 14. Nc3 a6 15. Rfd1 Nb6 16. Qb1 Rc8 17. a4 Nxa4 18. Nxa4 bxa4 19. Bg5 Qe8 20. Bxf6 Bxf6 21. Ng5 Bxg5 22. Bxb7 Rc3 23. Bxa6 Rb3 24. Qe4 Bf6 25. Ra2 a3 26. Bd3 g6 27. b5 Qa8 28. Qf4 Kg7 29. h4 h5 30. g4 hxg4 31. Qxg4 Rh8 32. Be4 Qa7 33. Bxg6 Rxh4 34. Qg2 fxg6 35. Rad2 Qa4 36. Rd7+ Kh6 37. Qb7 Qg4+ 38. Kf1 Qh3+ 0-1

[Event "Moscow-chT"]
[Site "Moscow"]
[Date "2016.10.27"]
[Round "6.2"]
[White "Smirnov, Timofey"]
[Black "Saulin, Dmitri"]
[Result "1/2-1/2"]
[WhiteElo "2319"]
[BlackElo "2378"]
[PlyCount "156"]
[EventDate "2016.10.18"]
[EventType "team-swiss"]
[EventRounds "9"]
[EventCountry "RUS"]
[SourceTitle "CBM 175 Extra"]
[Source "ChessBase"]
[SourceDate "2016.12.12"]
[SourceVersion "1"]
[SourceVersionDate "2016.12.12"]
[SourceQuality "1"]
[WhiteTeam "Moscow Youth"]
[BlackTeam "Automatika"]
[WhiteTeamCountry "RUS"]
[BlackTeamCountry "RUS"]

1. e4 e5 2. Nf3 Nc6 3. Bb5 a6 4. Ba4 Nf6 5. 0-0 Be7 6. Re1 b5 7. Bb3 d6 8. c3 0-0 9. h3 Bb7 10. d4 Re8 11. Ng5 Rf8 12. Nf3 Re8 13. Nbd2 Bf8 14. Bc2 Nb8 15. a4 Nbd7 16. Bd3 c6 17. b3 Qc7 18. Bb2 g6 19. Qc2 Bg7 20. axb5 cxb5 21. d5 Nc5 22. Bf1 Nfd7 23. Ba3 Qb6 24. b4 Na4 25. c4 Rec8 26. Rec1 Bh6 27. Qd3 Qd8 28. Qb3 Qb6 29. Rc2 Rc7 30. Qd3 Rac8 31. Rac1 Bf4 32. cxb5 Rxc2 33. Rxc2 Rxc2 34. Qxc2 axb5 35. Nb3 Nf6 36. Na5 Ba6 37. Bd3 Kg7 38. Bc1 Bxc1 39. Qxc1 Nh5 40. Qc6 Nf4 41. Bf1 Qxc6 42. dxc6 Ne6 43. Nb7 Kf6 44. Nxd6 Nc3 45. Bd3 Nc7 46. Bc2 Na2 47. Bb3 Nxb4 48. Nxf7 Nxc6 49. g4 Na5 50. g5+ Ke7 51. Ba2 Bb7 52. Nd2 Nc6 53. Nf3 Nb4 54. Bb3 Bxe4 55. N7xe5 Ne6 56. h4 Bd5 57. Bd1 Na2 58. Nd2 Kd6 59. Ng4 Nc3 60. Bc2 Ne2+ 61. Kf1 N2d4 62. Bb1 Nf8 63. Nf6 Be6 64. f4 Nf5 65. Nde4+ Ke7 66. h5 gxh5 67. Nxh5 Bf7 68. Nhf6 Bg6 69. Nd5+ Kd8 70. Nec3 Nd6 71. f5 Nxf5 72. Nxb5 Ne6 73. Kf2 Nxg5 74. Nf4 Ke7 75. Nxg6+ hxg6 76. Bxf5 gxf5 77. Nd4 Kf6 78. Nxf5 Ke5 1/2-1/2

[Event "Moscow VAO IM 07"]
[Site "Moscow"]
[Date "2016.07.14"]
[Round "11"]
[White "Saulin, Dmitri"]
[Black "Atabayev, Saparmyrat"]
[Result "1/2-1/2"]
[WhiteElo "2401"]
[BlackElo "2396"]
[PlyCount "30"]
[EventDate "2016.07.08"]
[EventType "tourn"]
[EventRounds "11"]
[EventCountry "RUS"]
[SourceTitle "EXT 2018"]
[Source "ChessBase"]
[SourceDate "2017.10.13"]
[SourceVersion "1"]
[SourceVersionDate "2017.10.13"]
[SourceQuality "1"]

1. Nf3 Nf6 2. d4 e6 3. Bf4 d5 4. e3 Bd6 5. Bxd6 Qxd6 6. Bd3 0-0 7. 0-0 c5 8. Nbd2 Nc6 9. dxc5 Qxc5 10. e4 dxe4 11. Nxe4 Nxe4 12. Bxe4 e5 13. Qe2 Re8 14. c3 h6 15. Rad1 Bg4 1/2-1/2

[Event "Moscow VAO IM 07"]
[Site "Moscow"]
[Date "2016.07.10"]
[Round "5"]
[White "Atabayev, Yusup"]
[Black "Saulin, Dmitri"]
[Result "1-0"]
[WhiteElo "2434"]
[BlackElo "2401"]
[PlyCount "55"]
[EventDate "2016.07.08"]
[EventType "tourn"]
[EventRounds "11"]
[EventCountry "RUS"]
[SourceTitle "EXT 2018"]
[Source "ChessBase"]
[SourceDate "2017.10.13"]
[SourceVersion "1"]
[SourceVersionDate "2017.10.13"]
[SourceQuality "1"]

1. e4 c5 2. Nf3 e6 3. Nc3 Nc6 4. d4 cxd4 5. Nxd4 a6 6. Be2 Qc7 7. Be3 Nf6 8. a3 Be7 9. 0-0 0-0 10. f4 d6 11. Qe1 g6 12. Rd1 e5 13. Nxc6 bxc6 14. Qg3 exf4 15. Bxf4 Rd8 16. Bg5 Ne8 17. Bc4 Bxg5 18. Rxf7 Qxf7 19. Bxf7+ Kxf7 20. Qxg5 Be6 21. e5 Kg8 22. Qe7 Ng7 23. Rxd6 Re8 24. Qb7 Rab8 25. Qxc6 Rxb2 26. Ne4 Rc8 27. Nf6+ Kh8 28. Qxc8+ 1-0

[Event "Moscow VAO FM-A 06"]
[Site "Moscow"]
[Date "2016.07.07"]
[Round "9"]
[White "Saulin, Dmitri"]
[Black "Semiev, Suhrab"]
[Result "1/2-1/2"]
[WhiteElo "2401"]
[BlackElo "2280"]
[PlyCount "20"]
[EventDate "2016.06.29"]
[EventType "tourn"]
[EventRounds "9"]
[EventCountry "RUS"]
[SourceTitle "EXT 2018"]
[Source "ChessBase"]
[SourceDate "2017.10.13"]
[SourceVersion "1"]
[SourceVersionDate "2017.10.13"]
[SourceQuality "1"]

1. e4 d6 2. d4 Nf6 3. Nc3 g6 4. Nf3 Bg7 5. h3 0-0 6. Be2 c6 7. 0-0 Qc7 8. Be3 Nbd7 9. Qd2 b5 10. a3 Bb7 1/2-1/2

[Event "Moscow VAO FM-A 06"]
[Site "Moscow"]
[Date "2016.06.30"]
[Round "2"]
[White "Lagashin, Pavel"]
[Black "Saulin, Dmitri"]
[Result "1/2-1/2"]
[WhiteElo "2167"]
[BlackElo "2401"]
[PlyCount "39"]
[EventDate "2016.06.29"]
[EventType "tourn"]
[EventRounds "9"]
[EventCountry "RUS"]
[SourceTitle "EXT 2018"]
[Source "ChessBase"]
[SourceDate "2017.10.13"]
[SourceVersion "1"]
[SourceVersionDate "2017.10.13"]
[SourceQuality "1"]

1. d4 Nf6 2. c4 e6 3. Nc3 Bb4 4. Qc2 0-0 5. e4 d5 6. e5 Ne4 7. Bd3 c5 8. a3 Bxc3+ 9. bxc3 Nc6 10. Ne2 cxd4 11. cxd4 Qa5+ 12. Kf1 Nb4 13. axb4 Qxa1 14. cxd5 exd5 15. f3 f5 16. Ke1 Ng5 17. Kf2 Ne4+ 18. Ke1 Ng5 19. Kf2 Ne4+ 20. Ke1 1/2-1/2

[Event "RUS-chT2"]
[Site "Sochi"]
[Date "2016.05.10"]
[Round "9.5"]
[White "Saulin, Dmitri"]
[Black "Nechaev, Oleg"]
[Result "1/2-1/2"]
[WhiteElo "2390"]
[BlackElo "2343"]
[PlyCount "139"]
[EventDate "2016.05.01"]
[EventType "team-swiss"]
[EventRounds "9"]
[EventCountry "RUS"]
[SourceTitle "EXT 2018"]
[Source "ChessBase"]
[SourceDate "2017.10.13"]
[SourceVersion "1"]
[SourceVersionDate "2017.10.13"]
[SourceQuality "1"]
[WhiteTeam "Moscow Automation"]
[BlackTeam "Stavropol Region"]
[WhiteTeamCountry "RUS"]
[BlackTeamCountry "RUS"]

1. e4 c5 2. Nf3 Nc6 3. Bb5 g6 4. 0-0 Bg7 5. c3 Nf6 6. e5 Nd5 7. d4 cxd4 8. cxd4 0-0 9. Nc3 Nc7 10. Bf4 Nxb5 11. Nxb5 a6 12. Nc3 d6 13. exd6 Bg4 14. dxe7 Qxe7 15. d5 Nd4 16. Be3 Nxf3+ 17. gxf3 Bh3 18. Re1 Qh4 19. f4 Rfe8 20. Qf3 Bg4 21. Qg3 Qh5 22. Bd2 Bf6 23. Ne4 Bh4 24. Qd3 Bf3 25. Ng3 Qxd5 26. Qxd5 Bxd5 27. Re5 Rxe5 28. fxe5 Rc8 29. Bc3 Rc4 30. Rd1 Be6 31. a3 Bg5 32. f3 Be3+ 33. Kg2 Rh4 34. Ne4 Bf4 35. Nf6+ Kg7 36. Ng4 h5 37. Be1 hxg4 38. Bxh4 gxf3+ 39. Kxf3 Bxe5 40. Rd2 a5 41. Bf2 a4 42. Bd4 Kf6 43. h4 b5 44. Ke4 Bxd4 45. Rxd4 g5 46. hxg5+ Kxg5 47. Ke5 Bc4 48. Rf4 Be6 49. Rf6 Bc4 50. Rf5+ Kg6 51. Rf3 Kg7 52. Rf2 Be6 53. Rg2+ Kf8 54. Kf6 Ke8 55. Rd2 Bc4 56. Rd6 Bf1 57. Rd5 Bc4 58. Rd4 Bb3 59. Rd3 Bc4 60. Rd6 Bf1 61. Rb6 Bd3 62. Rb7 Bc4 63. Ke5 Kf8 64. Kd4 Kg7 65. Rb6 Kf8 66. Kc3 Ke7 67. b4 axb3 68. a4 b2 69. Kxb2 bxa4 70. Kc3 1/2-1/2

[Event "RUS-chT2"]
[Site "Sochi"]
[Date "2016.05.04"]
[Round "4.4"]
[White "Saulin, Dmitri"]
[Black "Askerov, Marat"]
[Result "1-0"]
[WhiteElo "2390"]
[BlackElo "2344"]
[PlyCount "153"]
[EventDate "2016.05.01"]
[EventType "team-swiss"]
[EventRounds "9"]
[EventCountry "RUS"]
[SourceTitle "CBM 172 Extra"]
[Source "ChessBase"]
[SourceDate "2016.06.21"]
[SourceVersion "1"]
[SourceVersionDate "2016.06.21"]
[SourceQuality "1"]
[WhiteTeam "Moscow Automation"]
[BlackTeam "St Petersburg Peter's Boat"]
[WhiteTeamCountry "RUS"]
[BlackTeamCountry "RUS"]

1. Nf3 Nf6 2. c4 c5 3. Nc3 Nc6 4. g3 g6 5. Bg2 Bg7 6. 0-0 0-0 7. d4 cxd4 8. Nxd4 Nxd4 9. Qxd4 d6 10. Qd3 a6 11. Bd2 Rb8 12. Rfc1 b5 13. Rab1 Nd7 14. cxb5 axb5 15. Nd5 Bb7 16. Bg5 Bxd5 17. Bxd5 h6 18. Bf4 Ne5 19. Qd2 e6 20. Bb3 g5 21. Be3 Qd7 22. Rc2 Rfc8 23. Rbc1 Rxc2 24. Rxc2 d5 25. Bd4 Rd8 26. Qc3 b4 27. Qc5 Qb7 28. Qb6 Qxb6 29. Bxb6 Rb8 30. Ba7 Ra8 31. Bc5 Rb8 32. Bd6 Rb6 33. Rc8+ Kh7 34. Bc2+ f5 35. Bxe5 Bxe5 36. g4 Bxb2 37. gxf5 exf5 38. Bxf5+ Kg7 39. Bc2 Be5 40. Rc5 Rd6 41. Bb3 Bd4 42. Rb5 Rf6 43. e3 Bc3 44. Bxd5 g4 45. Rb7+ Kg6 46. Kf1 Rd6 47. Rb5 h5 48. Rc5 Kf6 49. Kg2 Be1 50. Kg3 h4+ 51. Kxg4 Bxf2 52. Kf3 Be1 53. h3 Rd8 54. Ke2 Bg3 55. Rb5 Bd6 56. Bb3 Be7 57. Kf3 Rd2 58. Rb6+ Kg5 59. Re6 Bf6 60. Re4 Rh2 61. Be6 Be7 62. Bg4 Kf6 63. Re6+ Kf7 64. Ra6 Rh1 65. e4 Rf1+ 66. Ke2 Rf6 67. Ra7 Rb6 68. Bh5+ Ke6 69. Bg4+ Kf7 70. Ke3 b3 71. axb3 Rxb3+ 72. Kf4 Ra3 73. Rb7 Ra1 74. e5 Rf1+ 75. Ke4 Ra1 76. Rb6 Ra2 77. Be6+ 1-0

[Event "RUS-chT2"]
[Site "Sochi"]
[Date "2016.05.02"]
[Round "2.2"]
[White "Lugovskoy, Maxim"]
[Black "Saulin, Dmitri"]
[Result "0-1"]
[WhiteElo "2491"]
[BlackElo "2390"]
[PlyCount "86"]
[EventDate "2016.05.01"]
[EventType "team-swiss"]
[EventRounds "9"]
[EventCountry "RUS"]
[SourceTitle "CBM 172 Extra"]
[Source "ChessBase"]
[SourceDate "2016.06.21"]
[SourceVersion "1"]
[SourceVersionDate "2016.06.21"]
[SourceQuality "1"]
[WhiteTeam "Togliatti Bulbasaur"]
[BlackTeam "Moscow Automation"]
[WhiteTeamCountry "RUS"]
[BlackTeamCountry "RUS"]

1. e4 d5 2. exd5 Nf6 3. Bb5+ Bd7 4. Bc4 Bg4 5. f3 Bc8 6. Nc3 Nbd7 7. Nge2 Nb6 8. Bb3 Nbxd5 9. Nxd5 Nxd5 10. d4 e6 11. 0-0 Be7 12. c4 Nf6 13. Be3 0-0 14. Qe1 a6 15. Bc2 b5 16. b3 bxc4 17. bxc4 c5 18. Rd1 cxd4 19. Nxd4 Qc7 20. Qh4 Bb7 21. g4 h6 22. g5 Nh7 23. f4 Rad8 24. Qg4 g6 25. gxh6 Nf6 26. Qg3 Kh8 27. h3 Qxc4 28. Bd3 Qa4 29. Bc2 Qxa2 30. Rf2 Qd5 31. Kh2 Ne4 32. Bxe4 Qxe4 33. f5 Bh4 34. Qg4 Qxg4 35. hxg4 Bxf2 36. Bxf2 e5 37. Rb1 exd4 38. Rxb7 gxf5 39. Bh4 d3 40. Bf6+ Kg8 41. g5 Rd6 42. Rb2 d2 43. Kg3 Kh7 0-1

[Event "Moscow-chT"]
[Site "Moscow"]
[Date "2015.10.18"]
[Round "3.2"]
[White "Smirnova, Ekaterina"]
[Black "Saulin, Dmitri"]
[Result "0-1"]
[WhiteElo "2213"]
[BlackElo "2392"]
[PlyCount "90"]
[EventDate "2015.10.15"]
[EventType "team-swiss"]
[EventRounds "9"]
[EventCountry "RUS"]
[SourceTitle "CBM 168 Extra"]
[Source "ChessBase"]
[SourceDate "2015.10.29"]
[SourceVersion "1"]
[SourceVersionDate "2015.10.29"]
[SourceQuality "1"]
[WhiteTeam "Evil Empire"]
[BlackTeam "Automation"]
[WhiteTeamCountry "RUS"]
[BlackTeamCountry "RUS"]

1. d4 Nf6 2. c4 e6 3. Nc3 Bb4 4. e3 0-0 5. Nge2 d5 6. cxd5 exd5 7. a3 Bd6 8. Ng3 c6 9. Bd3 Re8 10. Qc2 h5 11. Nf5 Bf8 12. 0-0 a5 13. Nh4 Nbd7 14. Nf3 Bd6 15. e4 dxe4 16. Nxe4 Nxe4 17. Bxe4 Nf6 18. Bg5 Be7 19. Bf5 Bxf5 20. Qxf5 Qd5 21. Qxd5 Nxd5 22. Bxe7 Rxe7 23. Rfe1 f6 24. h4 Kf7 25. g3 Rd7 26. a4 Ra6 27. Nd2 Nb4 28. Nb3 Rb6 29. Re2 Nc2 30. Rxc2 Rxb3 31. Rc5 Rd5 32. Rxd5 cxd5 33. Rc1 Ke6 34. Rc5 b6 35. Rb5 Rxb5 36. axb5 Kf5 37. f3 g5 38. hxg5 Kxg5 39. Kg2 f5 40. f4+ Kg4 41. b3 h4 42. gxh4 Kxh4 43. Kf3 Kh3 44. Kf2 Kg4 45. Ke3 Kg3 0-1

[Event "Moscow VAO IM 05"]
[Site "Moscow"]
[Date "2015.05.28"]
[Round "?"]
[White "Saulin, Dmitri"]
[Black "Utiatskaja, Irina"]
[Result "1/2-1/2"]
[WhiteElo "2408"]
[BlackElo "2177"]
[PlyCount "26"]
[EventDate "2015.05.28"]
[EventType "tourn"]
[EventRounds "9"]
[EventCountry "RUS"]
[SourceTitle "EXT 2016"]
[Source "ChessBase"]
[SourceDate "2015.10.08"]
[SourceVersion "1"]
[SourceVersionDate "2015.10.08"]
[SourceQuality "1"]

1. e4 e5 2. Nf3 Nc6 3. Nc3 Nf6 4. Bb5 Bb4 5. 0-0 0-0 6. d3 Bxc3 7. bxc3 d6 8. Re1 Ne7 9. d4 Ng6 10. Bd3 Re8 11. h3 h6 12. a4 a5 13. Bd2 b6 1/2-1/2

[Event "Suvorov"]
[Site "Suvorov"]
[Date "2012.07.24"]
[Round "9"]
[White "Saulin, Dmitri"]
[Black "Biriukov, Ilja"]
[Result "1-0"]
[WhiteElo "2438"]
[BlackElo "2398"]
[PlyCount "71"]
[EventDate "2012.06.19"]
[EventType "tourn"]
[EventRounds "15"]
[EventCountry "RUS"]
[EventCategory "6"]
[SourceTitle "EXT 2013"]
[Source "ChessBase"]
[SourceDate "2012.11.22"]
[SourceVersion "1"]
[SourceVersionDate "2012.11.22"]
[SourceQuality "1"]

1. e4 e5 2. Nf3 Nc6 3. Bb5 a6 4. Ba4 Nf6 5. 0-0 Be7 6. Re1 b5 7. Bb3 d6 8. c3 0-0 9. h3 Bb7 10. d4 Re8 11. Nbd2 h6 12. Nf1 Bf8 13. Ng3 Qd7 14. a3 Na5 15. Bc2 exd4 16. cxd4 Rad8 17. Qd3 d5 18. e5 Ne4 19. Nxe4 dxe4 20. Rxe4 Bxe4 21. Qxe4 g6 22. a4 Qc6 23. Qe2 Qb6 24. axb5 axb5 25. Qe4 Ra8 26. Bf4 Nc6 27. Rc1 Rad8 28. Bb3 Na5 29. Bd5 Re7 30. Rc5 Qa6 31. b4 Nc4 32. Rc6 Qa1+ 33. Kh2 Kh8 34. Bg5 hxg5 35. Nxg5 Qd1 36. Bxf7 1-0

[Event "Suvorov"]
[Site "Suvorov"]
[Date "2012.06.27"]
[Round "13"]
[White "Saulin, Dmitri"]
[Black "Shestakov, Sergei S"]
[Result "0-1"]
[WhiteElo "2438"]
[BlackElo "2335"]
[PlyCount "126"]
[EventDate "2012.06.19"]
[EventType "tourn"]
[EventRounds "15"]
[EventCountry "RUS"]
[EventCategory "6"]
[SourceTitle "EXT 2013"]
[Source "ChessBase"]
[SourceDate "2012.11.22"]
[SourceVersion "1"]
[SourceVersionDate "2012.11.22"]
[SourceQuality "1"]

1. e4 e6 2. d4 d5 3. Nc3 Nf6 4. Bg5 Bb4 5. e5 h6 6. Be3 Ne4 7. Qg4 Kf8 8. Bd3 Bxc3+ 9. bxc3 Nxc3 10. Ne2 Nxe2 11. Kxe2 c5 12. dxc5 Nc6 13. Qf4 d4 14. Bd2 Qd5 15. Rab1 Qxe5+ 16. Qxe5 Nxe5 17. Bf4 Nxd3 18. Bd6+ Ke8 19. cxd3 f6 20. f4 Kd7 21. Rb4 b6 22. Rxd4 Bb7 23. Kf2 Bd5 24. Rc1 g6 25. g4 f5 26. gxf5 gxf5 27. Rg1 bxc5 28. Bxc5 Rhc8 29. Rg7+ Kc6 30. Bb4 Rg8 31. Rg3 Rxg3 32. hxg3 a5 33. Bc3 Kb5 34. a4+ Kc5 35. Ke3 Rg8 36. Be1 h5 37. Bf2 Kd6 38. Be1 Rg4 39. Bf2 Rg6 40. Be1 Kc5 41. Bf2 Rg8 42. Be1 Rg7 43. Bf2 Rb7 44. Be1 Rb1 45. Bxa5 Rg1 46. Bb4+ Kc6 47. Kf2 Rg2+ 48. Kf1 Rxg3 49. a5 h4 50. Be1 Rg4 51. Rb4 h3 52. Rb2 Rxf4+ 53. Kg1 Bg2 54. Rf2 Ra4 55. Kh2 f4 56. Bc3 f3 57. Rb2 Ra3 58. Rc2 Kd5 59. Kg3 e5 60. Kh2 Rxc3 61. Rxc3 f2 62. Rc1 f1Q 63. Rxf1 Bxf1 0-1

[Event "Suvorov"]
[Site "Suvorov"]
[Date "2012.06.24"]
[Round "8"]
[White "Novikov, Maxim"]
[Black "Saulin, Dmitri"]
[Result "1/2-1/2"]
[WhiteElo "2515"]
[BlackElo "2438"]
[PlyCount "30"]
[EventDate "2012.06.19"]
[EventType "tourn"]
[EventRounds "15"]
[EventCountry "RUS"]
[EventCategory "6"]
[SourceTitle "EXT 2013"]
[Source "ChessBase"]
[SourceDate "2012.11.22"]
[SourceVersion "1"]
[SourceVersionDate "2012.11.22"]
[SourceQuality "1"]

1. e4 e5 2. Nf3 Nc6 3. d4 exd4 4. Nxd4 Nf6 5. Nxc6 bxc6 6. Bd3 d5 7. 0-0 dxe4 8. Qe1 Be7 9. Bxe4 Nxe4 10. Qxe4 0-0 11. Qxc6 Rb8 12. Nc3 Bd6 13. Re1 Bf5 14. Nd5 Bc8 15. Nc3 Bf5 1/2-1/2

[Event "Moscow Victory Day op"]
[Site "Moscow"]
[Date "2011.05.08"]
[Round "9"]
[White "Dvalishvili, Pavel S"]
[Black "Saulin, Dmitri"]
[Result "1-0"]
[WhiteElo "2399"]
[BlackElo "2419"]
[PlyCount "123"]
[EventDate "2011.04.30"]
[EventType "swiss"]
[EventRounds "9"]
[EventCountry "RUS"]
[SourceTitle "CBM 142 Extra"]
[Source "ChessBase"]
[SourceDate "2011.06.27"]
[SourceVersion "1"]
[SourceVersionDate "2011.06.27"]
[SourceQuality "1"]

1. Nf3 Nf6 2. d4 c5 3. c3 e6 4. Nbd2 cxd4 5. cxd4 d5 6. e3 Bd6 7. Bd3 0-0 8. 0-0 b6 9. e4 Be7 10. e5 Nfd7 11. Re1 Ba6 12. Bb1 Qc7 13. Nf1 Nc6 14. Ng3 Rac8 15. Bg5 Rfe8 16. Bxe7 Rxe7 17. Re3 f6 18. exf6 Nxf6 19. Rc3 Qd6 20. Qa4 Bb7 21. Bd3 Nb4 22. Rxc8+ Bxc8 23. Rc1 Bd7 24. Qa3 a5 25. Ne5 Be8 26. Bb1 Rc7 27. Qe3 Rxc1+ 28. Qxc1 Nc6 29. Qe3 Kf8 30. a3 b5 31. h3 b4 32. Ne2 bxa3 33. bxa3 Nd8 34. g4 Qb6 35. Bd3 h6 36. Qc1 Nc6 37. Nxc6 Qxc6 38. Qe1 Qa4 39. Qc3 g5 40. Kg2 Kf7 41. Qc7+ Bd7 42. Qc1 Qb3 43. Qc3 Qxc3 44. Nxc3 Ke7 45. f4 Kd6 46. Kg3 Ng8 47. h4 gxf4+ 48. Kxf4 Be8 49. a4 Ke7 50. g5 hxg5+ 51. hxg5 Kd6 52. g6 Ke7 53. Kg5 Kf8 54. Bb5 Bxb5 55. axb5 Kg7 56. b6 Ne7 57. b7 Nc6 58. Na4 e5 59. dxe5 d4 60. Nc5 d3 61. Nxd3 a4 62. Nb4 1-0

[Event "Moscow Victory Day op"]
[Site "Moscow"]
[Date "2011.05.04"]
[Round "5"]
[White "Ulko, Jaroslav"]
[Black "Saulin, Dmitri"]
[Result "1/2-1/2"]
[WhiteElo "2476"]
[BlackElo "2419"]
[PlyCount "23"]
[EventDate "2011.04.30"]
[EventType "swiss"]
[EventRounds "9"]
[EventCountry "RUS"]
[SourceTitle "CBM 142 Extra"]
[Source "ChessBase"]
[SourceDate "2011.06.27"]
[SourceVersion "1"]
[SourceVersionDate "2011.06.27"]
[SourceQuality "1"]

1. d4 d5 2. c4 c6 3. cxd5 cxd5 4. Nc3 Nf6 5. Nf3 Nc6 6. Bf4 Ne4 7. e3 Nxc3 8. bxc3 g6 9. Ne5 Bg7 10. Nxc6 bxc6 11. Bd3 Qa5 12. 0-0 1/2-1/2

[Event "Moscow Victory Day op"]
[Site "Moscow"]
[Date "2011.05.02"]
[Round "3"]
[White "Spichkin, Alexander"]
[Black "Saulin, Dmitri"]
[Result "0-1"]
[WhiteElo "2233"]
[BlackElo "2419"]
[PlyCount "94"]
[EventDate "2011.04.30"]
[EventType "swiss"]
[EventRounds "9"]
[EventCountry "RUS"]
[SourceTitle "CBM 142 Extra"]
[Source "ChessBase"]
[SourceDate "2011.06.27"]
[SourceVersion "1"]
[SourceVersionDate "2011.06.27"]
[SourceQuality "1"]

1. d4 Nf6 2. Bg5 Ne4 3. Bf4 d5 4. e3 c5 5. Nd2 Qb6 6. Ngf3 Nc6 7. Nxe4 dxe4 8. d5 exf3 9. dxc6 Qxc6 10. gxf3 Be6 11. Qd2 Rd8 12. Qa5 a6 13. Be2 g6 14. Be5 f6 15. Bf4 g5 16. Bg3 g4 17. Qc7 Qxc7 18. Bxc7 Rc8 19. Bf4 Bd5 20. e4 Bc6 21. 0-0-0 h5 22. Rhg1 gxf3 23. Bxf3 Kf7 24. Be3 e5 25. h4 Be7 26. Rg3 Rcg8 27. Rxg8 Kxg8 28. Rg1+ Kf7 29. Rg3 b6 30. b4 cxb4 31. Bxb6 f5 32. Bc7 Bxh4 33. Bxe5 Bxg3 34. Bxh8 Bf4+ 35. Kd1 h4 36. Ke1 Bxe4 37. Bxe4 fxe4 38. Bd4 Ke6 39. Kf1 h3 40. Kg1 Bd6 41. Bb6 Kd5 42. Be3 Kc4 43. Bd2 a5 44. Be1 Bf4 45. Kh1 Be5 46. Bd2 Bc3 47. Be3 Bd4 0-1

[Event "Moscow op-E"]
[Site "Moscow"]
[Date "2011.02.06"]
[Round "9.56"]
[White "Chepel, Nikolay"]
[Black "Saulin, Dmitri"]
[Result "0-1"]
[WhiteElo "2239"]
[BlackElo "2430"]
[PlyCount "72"]
[EventDate "2011.01.29"]
[EventType "swiss"]
[EventRounds "9"]
[EventCountry "RUS"]
[SourceTitle "EXT 2022"]
[Source "ChessBase"]
[SourceDate "2021.10.06"]
[SourceVersion "1"]
[SourceVersionDate "2021.10.06"]
[SourceQuality "1"]

1. e4 d6 2. d4 Nf6 3. Nc3 g6 4. Be2 Bg7 5. h4 c5 6. dxc5 Qa5 7. Kf1 Qxc5 8. Be3 Qa5 9. h5 gxh5 10. Bxh5 Nc6 11. Be2 h5 12. f3 Bh6 13. Qd2 Bxe3 14. Qxe3 Rg8 15. Rd1 Be6 16. Nh3 0-0-0 17. Nd5 Bxd5 18. exd5 Nxd5 19. Qb3 e6 20. c4 Nf6 21. a3 Qf5 22. Qe3 Ng4 23. Qc3 Kb8 24. b4 d5 25. Kg1 Nge5 26. b5 d4 27. Qb2 Ne7 28. Rxd4 Nxf3+ 29. Bxf3 Qc5 30. Nf2 Rxd4 31. Rxh5 Nf5 32. Rh4 Rxc4 33. Qd2 Rc2 34. Qe1 Rc1 35. Bd1 Ne3 36. Nd3 Qg5 0-1